Normal view
MARC view
- Conducta infantil
Entry Materia
Number of records used in: 216
001 - NÚMERO DE CONTROL DEL REGISTRO
- campo de control: 5683
003 - IDENTIFICADOR DE NUMERO DE CONTROL
- campo de control: MX-MxUPN
005 - FECHA Y HORA DE LA ÚLTIMA TRANSACCIÓN
- campo de control: 20240808094322.0
008 - DATOS DE LONGITUD FIJA
- campo de control de longitud fija: 240808n||acnnnaabn | aaa |d
035 ## - NÚMERO DE CONTROL DEL SISTEMA
- Número de control del sistema: UPN10000005683
040 ## - FUENTE DE LA CATALOGACIÓN
- Lengua de catalogación: spa
- Agencia de transcripción: MX-MxUPN
- Centro catalogador de origen: MX-MxUPN
150 ## - ENCABEZAMIENTO - TEMÁTICO
- Término de materia o nombre geográfico como elemento inicial: Conducta infantil
670 ## - FUENTE EN LA QUE SE LOCALIZARON DATOS
- Cita de la fuente: LEMB, 1998 :
- Información localizada: página 249 (Conducta infantil)
680 ## - NOTA GENERAL CON DESPLIEGUE PÚBLICO
- Texto explicativo: Usase para las obras sobre la conducta del niño desde el punto de vista ético. Desde el punto de vista social use :
- Encabezamiento: Etiqueta para niños
- Texto explicativo: Trabajos relacionados con la psicología del niño, use :
- Encabezamiento: Psicología Infantil
902 ## - CATALOGADOR
- Catalogador: CAA/220796
